Countries with Highest Percentage of Smokers - Statistics

General Stats
  • This quiz has been taken 56 times
  • The average score is 5 of 10
Answer Stats
% Country % Correct
48.3 Russia
94%
43.3 Ukraine
82%
42.4 Belarus
76%
51.7 Greece
75%
42.3 Serbia
59%
42.2 Bosnia and Herzegovina
53%
43.3 Austria
27%
58.6 North Korea
20%
49.3 Nauru
14%
40.9 Samoa
4%
No matching quizzes found
Score Distribution
Percent of People with Each Score
Percentile by Number Answered
Your Score History
You have not taken this quiz